Estatísticas para Cheque do motor

Clique aqui para jogar o quiz

Estatísticas Gerais

  • Esse quiz foi jogado 43 vezes
  • A pontuação média é 16 de 31

Estatísticas das Respostas

HintResposta% Correto
1Gases 1200 RPM
100%
2Mistura rica
100%
7Booster desligada
75%
14Gases 1000 RPM
75%
8Gases 2000 RPM
75%
10Gases 2200 RPM
75%
4Gasolina tanque principal esquerdo
75%
15Mistura reduzir suavemente observando acréscimo de 10 a 80 RPM
75%
13Passo levar a máximo e retornar a mínimo por 2 vezes ao passar por 1900 RPM; evitar queda superior a 500 RPM
75%
*Passo livre?
75%
3Passo mínimo
75%
9Pressão do óleo 60 a 90 PSI (indicando)
75%
6Temperatura da cabeça do cilindro 150 a 435°F (indicando)
75%
5Temperatura do óleo 140 a 245°F (indicando)
75%
12Mistura reduzir totalmente verificando EGT, taquímetro, fluxômetro, voltar a rica ao atingir 1000 RPM
50%
16Mistura rica
50%
26Área clarear
25%
23Área de pouso clarear (vento, base, final)
25%
18Booster ligar e verificar funcionamento do motor, desligar e verificar novamente
25%
24Capota fechada e travada
25%
*Capota livre?
25%
22Compensador em neutro
25%
21Flapes recolhidos
25%
27Freio de estacionamento soltar
25%
25Gases 1500 RPM
25%
17Gases reduzir totalmente e verificar marcha lenta (600 a 750 RPM)
25%
20Gases (Te>25°C e T do óleo>140°F) 1800 RPM e liga booster
25%
19Gases (Te<25°C) 1200 RPM
25%
11Magnetos checar (queda máxima de 175 RPM, queda mínima de 50 RPM e diferença máxima de queda de 50 RPM); esquerdo, ambos, queda de X, direito, ambos, queda de X. Diferença de acordo ou não...
25%
*Táxi livre?
25%
*Vou informar ponto de espera pronto
25%

Distribuição das Pontuações

Percentil de Números Respondidos

Porcentagem de Pessoas com Cada Pontuação

Sua Pontuação Histórica

Você não jogou esse quiz